1921 1777 1607 1174 1681 1964 1317 1654 1052 1861 1356 1076 1548 1936 1192 1457 1155 1033 1121 1908 1131 1263 1374 1660 1542 1991 1835 1753 1446 1960 1971 1751 1650 1889 1992 1574 1668 1573 1754 1469 1753 1193 1527 1971 1634 1613 1346 1730 1148 1768 1415 1263 1178 1125 1068 1227 1054 1410 1367 1555 1310 1605 1531 1653 1954 1820 1762 1451 1920 1872 1170 1810 1519 1806 1600 1887 1529 1566 1828 1740 1640 1150 1643 1341 1178 1550 1310 1574 1580 1715 1741 1090 1093 1331 1876 1702 1631 1917 1454 BCNSPRNW ULIB Ver.6.0+V

เปลี่ยนเป็นภาษาไทย

Change to English
 แสดงรายละเอียดบรรณานุกรม
  กลับหน้าหลัก

Brief Record : Get Marc (ISO 2709) : E-mail record : QR code < ปิดหน้าต่าง
LEADER : 00000nam 2200000uu 4500
001    13399124958
003     ULIB
008    160526s2558||||th 000 0 tha d
020    ^a9786162797194
060  4 ^aWY154^bก226
100    ^aรัชนี เบญจธนัง,^eบรรณาธิการ
245    ^aการพยาบาลศัลยศาสตร์วิกฤต=^bCritical nursing care essentials surgical patient/^cรัชนี เบญจธนัง, พิมพ์จิตร์ กาญจนสินธุ์, ปราณี ทองใส และ สุมิตรา สินธ์ศิริมานะ, บรรณาธิการ
250    ^aพิมพ์ครั้งที่ 2
260    ^aกรุงเทพมหานคร :^bฝ่ายการพยาบาล โรงพยาบาลศิริราช,^c2558
300    ^a344 หน้า, 26 ซม.
500    ^aการพยาบาลผู้ใหญ่
505 0  ^aการพยาบาลผู้ป่วยหลังผ่าตัดเนื้องอกในสมอง,การพยาบาลผู้ป่วยภาวะเลือดออกใต้เยื่อหุ้มสมองชั้นกลางและโรคเส้นเลือดขอดในสมอง,การพยาบาลผู้ป่วยบาดเจ็บศรีษะในระยะวิกฤต,การพยาบาลผู้ป่วยบาดเจ็บหัวใจและทรวงอก,การพยาบาลผู้ป่วยบาดเจ็บของระบบกล้ามเนื้อและกระดูก,การพยาบาลผู้่ป่วยบาดเจ็บหลายระบบ,การพยาบาลผู่ป่วยบาดเจ็บช่องท้อง,การพยาบาลผู่ป่วยภายหลังผ่าตัดหัวใจ,การพยาบาลผู้ป่วยโรคหัวใจล้มเหลวที่ใช้เครื่องพยุงระบบไหลเวียนโลหิต,การพยาบาลผู้ป่วยหลังผ่าตัดเปลี่ยนหัวใจ ในระยะวิกฤต,การพายาบาลผู้ป่วยแขน/ขาขาดเลือดเฉียบพลัน,การพยาบาลผู้ป่วยที่มีภาวะแทรกซ้อนภายหลังผ่าตัดระบบทางเดินอาหาร,การพยาบาลผู้ป่วยที่มีเลือดออกทางเดินอาหารในระยะวิกฤต,ภาวะแทรกซ็อนระบบหายใจภายหลังการผ่าตัดในผู้ป่วยหนัก : มุมมองทางการพยาบล,การพยาบาลผู้ป่วยแผลไหม้ในระยะวิกฤต,การป้องกันแผลกดทับและผิวหนังถูกทำลายจากความเปียกชื้นในผู้ป่วยไอซียู
650    ^aการพยาบาลศัลยศาสตร์
650    ^aCritical nursing care
650    ^aSurgical patient
700 0  ^aพิมพ์จิตร์ กาญจนสินธุ์
700 0  ^aปราณี ทองใส
700 0  ^aสุมิตรา สินธ์ศิริมานะ
945    ^p400^l0^i23631
945    ^p400^l0^i23632
945    ^p400^l0^i23633
945    ^p400^l0^i23634
945    ^p400^l0^i23635
999    ^aทศพร เกษรทอง
รายการนี้ยังไม่มีแท็ก
คุณยังไม่ได้ล็อกอิน คุณสามารถมีกิจกรรมร่วมกับเว็บไซต์ได้ แต่ต้องล็อกอินก่อน ::
  ล็อกอิน

รายการสื่อสารสนเทศ

ลำดับที่ ประเภท เลขเรียก/บาร์โค้ด สถานที่ สถานะ
1. Book การพยาบาล
หนังสือสำรอง
สถานะ=หนังสือสำรอง
WY154 ก226 ฉ.1 
  Barcode: 23631
ห้องสมุดวิทยาเขตนครสวรรค์
►ส่วนจัดเก็บหนังสือเก่า นว.
บนชั้น
  ขอยืม
2. Book การพยาบาล
Book การพยาบาล
WY154 ก226 ฉ.2 
  Barcode: 23632
ห้องสมุดวิทยาเขตนครสวรรค์
►ส่วนจัดเก็บหนังสือเก่า นว.
บนชั้น
  ขอยืม
3. Book การพยาบาล
Book การพยาบาล
WY154 ก226 ฉ.3 
  Barcode: 23633
ห้องสมุดวิทยาเขตนครสวรรค์
►หนังสือทั่วไป:l:General Books
บนชั้น
4. Book การพยาบาล
Book การพยาบาล
WY154 ก226 ฉ.4 
  Barcode: 23634
ห้องสมุดวิทยาเขตนครสวรรค์
►ส่วนจัดเก็บหนังสือเก่า นว.
บนชั้น
  ขอยืม
5. Book การพยาบาล
Book การพยาบาล
WY154 ก226 ฉ.5 
  Barcode: 23635
ห้องสมุดวิทยาเขตนครสวรรค์
►หนังสือทั่วไป:l:General Books
บนชั้น

รายการใกล้เคียง
    ผู้แต่ง [รัชนี เบญจธนัง, บรรณาธิการ]

    หัวเรื่อง [การพยาบาลศัลยศาสตร์]
    หัวเรื่อง [Critical nursing care]
    หัวเรื่อง [Surgical patient]

BibComment


ยังไม่เคยถูกคอมเมนท์

คอมเมนท์ทรัพยากรรายการนี้
  คอมเมนท์: การพยาบาลศัลยศาส..


 Copyright 2026. Bcnsprnw @Library